Largest Cities in Oklahoma by Letter - Statistics

General Stats
  • This quiz has been taken 21 times
  • The average score is 16 of 25
Answer Stats
Letter Largest City Population % Correct
E Edmond 93.1K
100%
M Moore 62.1K
100%
O Oklahoma City 649K
100%
T Tulsa 400K
100%
N Norman 123K
89%
P Ponca City 24.0K
89%
B Broken Arrow 109K
83%
L Lawton 92.8K
83%
S Stillwater 50.4K
83%
Y Yukon 17.5K
83%
A Ardmore 24.7K
72%
D Duncan 22.4K
72%
C Claremore 18.5K
67%
G Guymon 11.9K
56%
J Jenks 23.3K
50%
W Woodward 12.9K
50%
K Kingfisher 4.82K
44%
Q Quinton 1.00K
39%
U Union City 1.94K
39%
H Henryetta 5.73K
33%
I Idabel 7.09K
33%
F Fort Gibson 4.01K
28%
R Roland 3.52K
22%
V (The) Village 9.46K
22%
Z Zeb 497
22%
No matching quizzes found
Score Distribution
Percent of People with Each Score
Percentile by Number Answered
Your Score History
You have not taken this quiz